Tsur 51.4 : (Record no. 618237)

MARC details
000 -LEADER
fixed length control field 00435nam a2200181 a 4500
008 - FIXED-LENGTH DATA ELEMENTS--GENERAL INFORMATION
fixed length control field 260330s2009##################000#0#eng##
020 ## - INTERNATIONAL STANDARD BOOK NUMBER
ISBN 9780415498418
082 04 - DEWEY DECIMAL CLASSIFICATION NUMBER
Classification number 355.54
Item number ROT
100 1# - MAIN ENTRY--AUTHOR NAME
Personal name Authors, Various,
245 10 - TITLE STATEMENT
Title Tsur 51.4 :
260 ## - PUBLICATION, DISTRIBUTION, ETC. (IMPRINT)
Year of publication 2009.
650 #0 - SUBJECT ADDED ENTRY--TOPICAL TERM
Topical Term History.
942 ## - ADDED ENTRY ELEMENTS (KOHA)
Koha item type English Books
Holdings
Withdrawn status Lost status Damaged status Not for loan Home library Current library Shelving location Date acquired Full call number Accession Number Price effective from Koha item type
        Anna Centenary Library Anna Centenary Library 4TH FLOOR, A WING 30.03.2026 355.54 ROT 149004 30.03.2026 English Books

Find us on the map